|
|
|
|
| LEADER |
00847nam a2200229 a 4500 |
| 001 |
007779768 |
| 008 |
090524r19891986enka b 001 0 eng d |
| 020 |
|
|
|a 0174480199 (pbk)
|
| 020 |
|
|
|a 0174480334
|
| 040 |
|
|
|a Uk
|c Uk
|
| 082 |
0 |
4 |
|a 574
|2 19
|
| 100 |
1 |
|
|a Roberts, M. B. V.
|
| 245 |
0 |
0 |
|a Biology :
|b a functional approach /
|c M. B. V. Roberts.
|
| 250 |
|
|
|a 4th ed.
|
| 260 |
|
|
|a London :
|b Nelson,
|c 1986 [reprinted 1989].
|
| 300 |
|
|
|a x,693p. :
|b ill. ;
|c 25 cm.
|
| 504 |
|
|
|a Includes bibliographical references and index.
|
| 541 |
1 |
|
|e 00008470
|
| 650 |
|
0 |
|a Biology.
|
| 852 |
4 |
|
|a Ayesha Abed Library
|j General shelf
|
| 999 |
|
|
|c 1036
|d 1036
|
| 952 |
|
|
|0 0
|1 0
|2 ddc
|4 1
|6 574_000000000000000_ROB_1989
|7 0
|9 944
|a BRACUL
|b BRACUL
|c SPS
|d 2009-06-24
|g 0.00
|l 1
|m 2
|o 574 ROB
|p 3010008470
|r 2016-05-15
|s 2016-04-26
|t 1
|w 2009-06-24
|y BK
|x No price found in the accession register.
|